| 000 | 00804nam a22002537i 4500 | ||
|---|---|---|---|
| 003 | URS | ||
| 005 | 20250915143514.0 | ||
| 008 | 160812b xxu||||| |||| 00| 0 eng d | ||
| 040 |
_erda _curs _beng |
||
| 050 | 0 | 0 |
_aHB171.5 _bV714 1977 |
| 100 | 1 |
_aVillegas, Bernardo M. _eauthor |
|
| 245 | 1 | 0 |
_aEconomics for the Consumer / _cBernardo M. Villegas |
| 250 | _a4th Edition | ||
| 264 | 1 |
_aManila : _bSinag-Tala Publishers, Inc., _c[date of publication not identified] |
|
| 264 | 4 | _c©1977 | |
| 300 |
_aix, 334 pages ; _c21 cm |
||
| 336 |
_2rdacontent _atext |
||
| 337 |
_2rdamedia _aunmediated |
||
| 338 |
_2rdacarrier _avolume |
||
| 500 | _aIncludes index. | ||
| 524 | _aVillegas, B. M. (1977). Economics for the consumer. Manila: Sinag-Tala Publishers, Inc. | ||
| 650 | 0 | _aEconomics | |
| 942 |
_cF _2lcc |
||
| 999 |
_c86829 _d86827 |
||